LEADER 01545oam 2200421M 450 001 9910716391903321 005 20200213070540.8 035 $a(CKB)5470000002520212 035 $a(OCoLC)1065857618 035 $a(OCoLC)995470000002520212 035 $a(EXLCZ)995470000002520212 100 $a20071213d1926 ua 0 101 0 $aeng 135 $aurcn||||||||| 181 $ctxt$2rdacontent 182 $cc$2rdamedia 183 $acr$2rdacarrier 200 10$aConsideration of House Resolution 153. February 10, 1926. -- Referred to the House Calendar and ordered to be printed 210 1$a[Washington, D.C.] :$c[U.S. Government Printing Office],$d1926. 215 $a1 online resource (1 pages) 225 1 $aHouse report / 69th Congress, 1st session. House ;$vno. 236 225 1 $a[United States congressional serial set] ;$v[serial no. 8535] 300 $aBatch processed record: Metadata reviewed, not verified. Some fields updated by batch processes. 300 $aFDLP item number not assigned. 606 $aMemorials 606 $aAnniversaries 608 $aLegislative materials.$2lcgft 615 0$aMemorials. 615 0$aAnniversaries. 701 $aSnell$b Bertrand Hollis$f1870-1958$pRepublican (NY)$01388514 801 0$bWYU 801 1$bWYU 801 2$bOCLCO 801 2$bOCLCQ 906 $aBOOK 912 $a9910716391903321 996 $aConsideration of House Resolution 153. February 10, 1926. -- Referred to the House Calendar and ordered to be printed$93489800 997 $aUNINA LEADER 00800nam a22002177i 4500 001 991004274236507536 005 20230704153349.0 008 230504s2000 it b 001 0 ita 020 $a8849115539 040 $aBibl. Dip.le Aggr. Scienze Giuridiche - Sez. Centro Studi sul Rischio$bita 100 1 $aBongiovanni, Giorgio$0529118 245 10$aTeorie costituzionalistiche del diritto :$bmorale, diritto e interpretazione in R. Alexy e R. Dworkin /$cGiorgio Bongiovanni 260 $aBologna :$bCLUEB,$c2000 300 $a252 p. ;$c21 cm. 490 1 $aFilosofia, informatica, diritto ;$v9 600 14$aDworkin, Ronald 650 4$aLegge$xInterpretazione 650 4$aLegge$xFilosofia 912 $a991004274236507536 996 $aTeorie costituzionalistiche del diritto$91036332 997 $aUNISALENTO